| 000 | 00639nam a2200121Ia 4500 | ||
|---|---|---|---|
| 008 | 220620s9999||||xx |||||||||||||| ||und|| | ||
| 245 | 0 | _aMr. Emerson's Revolution | |
| 546 | _aEnglish[eng] | ||
| 650 | _awomen's rights||emancipation||ralph waldo emerson||social change||abolition||united states||Boston | ||
| 700 | _aMcClure Mudge, Jean | ||
| 856 | _uhttps://library.oapen.org/bitstream/20.500.12657/31248/1/633754.pdf||https://library.oapen.org/bitstream/20.500.12657/31248/1/633754.pdf||https://library.oapen.org/bitstream/20.500.12657/31248/1/633754.pdf||https://library.oapen.org/bitstream/20.500.12657/31248/1/633754.pdf | ||
| 942 | _cEB | ||
| 999 |
_c24226 _d24226 |
||